[Event "Mercredi 2018.10.10 ABCD"]
[Site "Montreal CAN"]
[Date "2018.11.07"]
[Round "5"]
[White "Pomerantz, Daniel"]
[Black "Nikulich, Oleksandr"]
[Result "1-0"]
[WhiteElo "2128"]
[BlackElo "2081"]
[PlyCount "100"]
[EventDate "2018.10.10"]
[EventType "tourn"]
[EventRounds "5"]
[EventCountry "CAN"]

1. e4 e5 2. Nf3 Nc6 3. Bb5 a6 4. Ba4 Nf6 5. O-O Be7 6. Re1 b5 7. Bb3 d6 8. c3
O-O 9. h3 Nb8 10. d4 Nbd7 11. Nbd2 Bb7 12. Bc2 c5 13. d5 c4 14. b3 cxb3 15.
axb3 a5 16. b4 axb4 17. Rxa8 Qxa8 18. cxb4 Rc8 19. Bd3 Qa4 20. Qxa4 bxa4 21.
Nc4 Ba6 22. Nfd2 Rb8 23. Ba3 Ne8 24. Kf1 Nc7 25. Ke2 Nb5 26. Bb2 Kf8 27. Ra1
Nd4+ 28. Bxd4 exd4 29. Rxa4 Bb5 30. Ra7 Ke8 31. Na5 Bxd3+ 32. Kxd3 Rxb4 33.
Ra8+ Rb8 34. Rxb8+ Nxb8 35. Ndb3 Nd7 36. Nxd4 Nc5+ 37. Ke3 Kd7 38. Nc4 g6 39.
g3 h5 40. f4 Bf8 41. Nb5 Nb7 42. Kd4 Bg7+ 43. e5 dxe5+ 44. fxe5 f5 45. Nb6+ Kd8
46. d6 g5 47. Kd5 g4 48. hxg4 hxg4 49. Nd4 Bh8 50. Nxf5 Na5 1-0

[Event "Mercredi 2018.10.10 ABCD"]
[Site "Montreal CAN"]
[Date "2018.11.07"]
[Round "5"]
[White "Shahabi, Shahab"]
[Black "Alcantara, Maximo jr"]
[Result "0-1"]
[WhiteElo "1658"]
[BlackElo "1778"]
[PlyCount "153"]
[EventDate "2018.10.10"]
[EventType "tourn"]
[EventRounds "5"]
[EventCountry "CAN"]

1. e4 c6 2. d4 d5 3. Nc3 g6 4. exd5 cxd5 5. Nf3 Bg7 6. Bb5+ Nc6 7. O-O e6 8.
Re1 Nge7 9. Ne2 O-O 10. c3 a6 11. Bd3 b5 12. a3 Na5 13. Ng3 Bb7 14. h4 Nc4 15.
h5 Nd6 16. hxg6 hxg6 17. Bg5 Ne8 18. Qd2 Nf6 19. Re2 Qc7 20. Bf4 Qd8 21. Rae1
Bc8 22. Bh6 Nh7 23. Bxg7 Kxg7 24. Nh2 Ng8 25. Bc2 Qg5 26. Qd3 Nhf6 27. Qe3 Qxe3
28. Rxe3 Nh6 29. Nf3 Nhg4 30. R3e2 Rh8 31. Ne5 Nxe5 32. Rxe5 Nd7 33. R5e3 Bb7
34. f3 Rac8 35. Nh1 Nb6 36. Bd3 Nc4 37. Bxc4 bxc4 38. Nf2 Bc6 39. Ng4 Rb8 40.
R1e2 Rb7 41. Rd2 Rbb8 42. Ne5 Ba4 43. Ng4 Rh4 44. Ree2 Rbh8 45. Nf2 Bb3 46. Nh3
Ba2 47. Nf2 g5 48. Re5 Kg6 49. Nh3 R8h5 50. Kf2 Bb1 51. Kg3 Bf5 52. Nf2 f6 53.
Re1 Kf7 54. Rdd1 Bc2 55. Rc1 Bf5 56. Rh1 Rxh1 57. Rxh1 Rxh1 58. Nxh1 e5 59. Nf2
Ke6 60. Nd1 Bd3 61. dxe5 Kxe5 62. Kf2 f5 63. g3 Bc2 64. Ke2 Bxd1+ 65. Kxd1 d4
66. cxd4+ Kxd4 67. Kd2 a5 68. a4 Kd5 69. Kc2 Kc6 70. Kd2 Kd6 71. Kc2 Kd5 72.
Kd1 Kc5 73. Kc1 Kb4 74. Kc2 Kxa4 75. Kc3 Kb5 76. b3 cxb3 77. Kxb3 0-1

[Event "Mercredi 2018.11.14 ABCD"]
[Site "Montreal CAN"]
[Date "2018.11.14"]
[Round "1"]
[White "Beaulieu, Pierre"]
[Black "Baran, Marius"]
[Result "1-0"]
[WhiteElo "1893"]
[BlackElo "1789"]
[PlyCount "132"]
[EventDate "2018.11.14"]
[EventType "tourn"]
[EventRounds "5"]
[EventCountry "CAN"]

1. Nf3 Nf6 2. b3 d5 3. Bb2 Bf5 4. e3 e6 5. Be2 Be7 6. Nh4 Bg6 7. O-O O-O 8. d3
Nfd7 9. Nxg6 hxg6 10. Nd2 c5 11. Nf3 Nc6 12. c4 Bf6 13. Bxf6 gxf6 14. cxd5 exd5
15. d4 Re8 16. dxc5 Nxc5 17. Bb5 Re6 18. Rc1 Ne4 19. Bxc6 Rxc6 20. Nd4 Rxc1 21.
Qxc1 Rc8 22. Qa3 a6 23. Rc1 Rc7 24. f3 Ng5 25. Kf2 Ne6 26. Nxe6 fxe6 27. Qb2
Kf7 28. Rc2 Qc8 29. Rd2 b5 30. h4 b4 31. Qd4 a5 32. g4 Rc5 33. Qf4 Qc7 34. Kg3
Qxf4+ 35. Kxf4 Rc3 36. Re2 e5+ 37. Kg3 d4 38. exd4 exd4 39. Rd2 d3 40. Kf2 Ke6
41. Ke3 f5 42. Rxd3 Rc5 43. Rd2 Re5+ 44. Kf4 Rc5 45. Re2+ Kf7 46. Re5 g5+ 47.
hxg5 Rc3 48. Rxf5+ Kg7 49. Rxa5 Rc2 50. Ra6 Rc5 51. Rb6 Ra5 52. Rxb4 Rxa2 53.
Kg3 Ra1 54. Rb6 Rg1+ 55. Kf2 Rd1 56. b4 Rd2+ 57. Ke3 Rb2 58. b5 Rb3+ 59. Ke4
Rb4+ 60. Kf5 Rc4 61. Rb7+ Kf8 62. f4 Rd4 63. g6 Rd6 64. Kg5 Rd5+ 65. f5 Kg8 66.
Kh6 Rd8 1-0

[Event "Mercredi 2018.11.14 ABCD"]
[Site "Montreal CAN"]
[Date "2018.11.14"]
[Round "1"]
[White "Boudreau, Daniel"]
[Black "Jacquet, Stephane"]
[Result "1-0"]
[WhiteElo "2042"]
[BlackElo "1924"]
[PlyCount "75"]
[EventDate "2018.11.14"]
[EventType "tourn"]
[EventRounds "5"]
[EventCountry "CAN"]

1. e4 d6 2. d4 Nf6 3. Nc3 g6 4. Bg5 Bg7 5. Qd2 c6 6. O-O-O O-O 7. Bh6 Qa5 8.
Kb1 Bxh6 9. Qxh6 Nbd7 10. Bd3 Re8 11. f3 e5 12. Nge2 b5 13. d5 b4 14. dxc6 Nc5
15. Nd5 Nxd5 16. exd5 Nxd3 17. Rxd3 Ba6 18. Qd2 Bxd3 19. Qxd3 Qc5 20. g4 a5 21.
Ng3 Qd4 22. Rd1 Kf8 23. Ne4 Qxd3 24. Rxd3 Ke7 25. g5 h6 26. h4 hxg5 27. hxg5
Rh8 28. c4 bxc3 29. Rxc3 Rh1+ 30. Kc2 Rh2+ 31. Nd2 Rg2 32. Rb3 Rc8 33. Rb7+ Ke8
34. Kd3 Kd8 35. Rd7+ Ke8 36. Ne4 Rb8 37. Nxd6+ Kf8 38. c7 1-0

[Event "Mercredi 2018.11.14 ABCD"]
[Site "Montreal CAN"]
[Date "2018.11.14"]
[Round "1"]
[White "Brodie, Hugh"]
[Black "Zhang, Chu Hang"]
[Result "0-1"]
[WhiteElo "1859"]
[BlackElo "1807"]
[PlyCount "104"]
[EventDate "2018.11.14"]
[EventType "tourn"]
[EventRounds "5"]
[EventCountry "CAN"]

1. Nf3 Nf6 2. b3 b6 3. Bb2 Bb7 4. e3 d5 5. d4 g6 6. Bb5+ c6 7. Bd3 Bg7 8. O-O
O-O 9. c4 Nbd7 10. Nbd2 c5 11. Rc1 Rc8 12. Re1 Re8 13. e4 dxe4 14. Nxe4 Nxe4
15. Bxe4 Bxe4 16. Rxe4 cxd4 17. Bxd4 e5 18. Ba1 Nc5 19. Re2 e4 20. Bxg7 Kxg7
21. Ne1 Qg5 22. Qc2 Nd3 23. Rd1 Nf4 24. Rxe4 Rxe4 25. Qxe4 Rc7 26. g3 Ne6 27.
Nf3 Qe7 28. Qe5+ Kg8 29. Qd6 Qe8 30. Ne5 f6 31. Ng4 Kg7 32. Qd2 Ng5 33. Qd8 Qf7
34. Nxf6 Ne6 35. Ne8+ Kf8 36. Qf6 Kxe8 37. Qh8+ Ke7 38. Re1 Rd7 39. Qb2 Qf6 40.
Qe2 Kf7 41. h4 Re7 42. Qd2 Kg7 43. Qd6 Kf7 44. Re4 Kg7 45. h5 Rf7 46. f4 Nc5
47. Qxf6+ Kxf6 48. Rd4 gxh5 49. Rd5 h4 50. g4 Ne6 51. f5 Nf4 52. Rd2 Kg5 0-1

[Event "Mercredi 2018.11.14 ABCD"]
[Site "Montreal CAN"]
[Date "2018.11.14"]
[Round "1"]
[White "Gates, Claude-Eric"]
[Black "Alcantara, Maximo jr"]
[Result "1-0"]
[WhiteElo "1815"]
[BlackElo "1815"]
[PlyCount "85"]
[EventDate "2018.11.14"]
[EventType "tourn"]
[EventRounds "5"]
[EventCountry "CAN"]

1. d4 d6 2. c4 g6 3. e4 Bg7 4. Nc3 Nc6 5. Be3 Nf6 6. f3 e5 7. Nge2 exd4 8. Nxd4
Nxd4 9. Bxd4 O-O 10. Be2 Nh5 11. O-O Nf4 12. Bxg7 Nxe2+ 13. Qxe2 Kxg7 14. Rad1
b6 15. b3 Bb7 16. Qb2 Kg8 17. e5 Qg5 18. exd6 cxd6 19. Nd5 Bxd5 20. Rxd5 Qe3+
21. Qf2 Rfe8 22. Rxd6 Qxf2+ 23. Kxf2 Re5 24. Re1 Rc5 25. Re7 b5 26. cxb5 Rxb5
27. Rdd7 Rc8 28. Rxa7 Rc2+ 29. Re2 Rc3 30. Rae7 Rf5 31. R7e3 Rcc5 32. Rb2 g5
33. b4 Rcd5 34. h3 Rf6 35. b5 Rfd6 36. a4 f5 37. Reb3 Rb6 38. a5 Rb8 39. a6 Rb6
40. a7 Rd8 41. Rc2 Ra8 42. Rc7 h5 43. Rbc3 1-0

[Event "Mercredi 2018.11.14 ABCD"]
[Site "Montreal CAN"]
[Date "2018.11.14"]
[Round "1"]
[White "Have, Didier"]
[Black "Abdelaal, Ibrahim"]
[Result "1-0"]
[WhiteElo "2058"]
[BlackElo "2066"]
[PlyCount "51"]
[EventDate "2018.11.14"]
[EventType "tourn"]
[EventRounds "5"]
[EventCountry "CAN"]

1. d4 Nf6 2. Bf4 d5 3. e3 e6 4. c3 Bd6 5. Bg3 O-O 6. Nf3 c5 7. Bd3 cxd4 8. exd4
Nc6 9. Nbd2 Qc7 10. Qe2 h6 11. Ne5 Bxe5 12. dxe5 Nd7 13. f4 Nc5 14. Bc2 Re8 15.
Bf2 Ne7 16. g4 b6 17. Bxc5 bxc5 18. g5 hxg5 19. O-O-O Rb8 20. Rhg1 Qa5 21. a3
Ba6 22. Qh5 g6 23. Rxg5 Qb6 24. b3 c4 25. Rdg1 Nf5 26. Bxf5 1-0

[Event "Mercredi 2018.11.14 ABCD"]
[Site "Montreal CAN"]
[Date "2018.11.14"]
[Round "1"]
[White "Kapush, Oleksandr"]
[Black "Giurgiev, Silvius"]
[Result "1-0"]
[WhiteElo "1753"]
[BlackElo "1713"]
[PlyCount "93"]
[EventDate "2018.11.14"]
[EventType "tourn"]
[EventRounds "5"]
[EventCountry "CAN"]

1. e4 Nc6 2. Nc3 e5 3. Bc4 Nf6 4. d3 Na5 5. Bb3 Nxb3 6. axb3 d6 7. f4 exf4 8.
Bxf4 Be7 9. Nf3 Bg4 10. h3 Bh5 11. g4 Bg6 12. Qd2 h6 13. Qe3 a6 14. O-O-O Nd7
15. Kb1 Nb6 16. h4 Qd7 17. h5 Bh7 18. g5 hxg5 19. Bxg5 O-O-O 20. Rdg1 Rdg8 21.
Qf2 Kb8 22. Be3 Nc8 23. Bd4 f6 24. Nd5 Bd8 25. Nh4 Qf7 26. Nf4 Re8 27. Rh2 Re7
28. Qf3 Rd7 29. Rhg2 Rg8 30. Nf5 Bxf5 31. exf5 Be7 32. h6 Bf8 33. h7 Rh8 34.
Qh3 Ne7 35. Ng6 Nxg6 36. fxg6 Qe8 37. Re2 Re7 38. Rxe7 Qxe7 39. Qh4 Kc8 40. Re1
Qd7 41. Qe4 c5 42. Qd5 Qd8 43. Qf7 Qd7 44. Re8+ Kc7 45. Rxf8 Rxf8 46. Qxf8 Qe6
47. Qf7+ 1-0

[Event "Mercredi 2018.11.14 ABCD"]
[Site "Montreal CAN"]
[Date "2018.11.14"]
[Round "1"]
[White "Lopez Linares, Lizandro"]
[Black "Pomerantz, Daniel"]
[Result "1/2-1/2"]
[WhiteElo "2269"]
[BlackElo "2120"]
[PlyCount "41"]
[EventDate "2018.11.14"]
[EventType "tourn"]
[EventRounds "5"]
[EventCountry "CAN"]

1. d4 Nf6 2. Nf3 e6 3. c4 Bb4+ 4. Bd2 c5 5. Bxb4 cxb4 6. Nbd2 O-O 7. Qc2 d6 8.
e3 Re8 9. O-O-O b6 10. Bd3 Bb7 11. Rhg1 Nbd7 12. g4 e5 13. dxe5 dxe5 14. Ng5 g6
15. Nge4 Qc7 16. g5 Nxe4 17. Bxe4 Nc5 18. Kb1 Rad8 19. Bxb7 Qxb7 20. h4 Rd6 21.
Nb3 1/2-1/2

[Event "Mercredi 2018.11.14 ABCD"]
[Site "Montreal CAN"]
[Date "2018.11.14"]
[Round "1"]
[White "Nardone, Raul"]
[Black "O'Connor, Michael"]
[Result "1/2-1/2"]
[WhiteElo "1747"]
[BlackElo "1716"]
[PlyCount "30"]
[EventDate "2018.11.14"]
[EventType "tourn"]
[EventRounds "5"]
[EventCountry "CAN"]

1. d4 d5 2. Nf3 Nf6 3. g3 g6 4. Bg2 Bg7 5. O-O O-O 6. c4 c6 7. Nc3 Nbd7 8. Re1
Re8 9. Bg5 Qb6 10. cxd5 cxd5 11. Na4 Qd8 12. Rc1 Ne4 13. Bf4 Nd6 14. Ne5 Nxe5
15. Bxe5 e6 1/2-1/2

[Event "Mercredi 2018.11.14 ABCD"]
[Site "Montreal CAN"]
[Date "2018.11.14"]
[Round "1"]
[White "Nunez, Omar"]
[Black "Lalonde, Paul"]
[Result "1/2-1/2"]
[WhiteElo "1973"]
[BlackElo "1965"]
[PlyCount "29"]
[EventDate "2018.11.14"]
[EventType "tourn"]
[EventRounds "5"]
[EventCountry "CAN"]

1. Nf3 e6 2. g3 b6 3. Bg2 Bb7 4. d3 f5 5. c4 Nf6 6. Nc3 Be7 7. Bd2 O-O 8. O-O
Na6 9. a3 c5 10. e3 Nc7 11. Qe2 Qe8 12. Rab1 Qh5 13. Ne5 Qxe2 14. Nxe2 Bxg2 15.
Kxg2 1/2-1/2

[Event "Mercredi 2018.11.14 ABCD"]
[Site "Montreal CAN"]
[Date "2018.11.14"]
[Round "1"]
[White "O'Neill, Brendon"]
[Black "Ostaci, Liviu"]
[Result "0-1"]
[WhiteElo "1774"]
[BlackElo "1712"]
[PlyCount "120"]
[EventDate "2018.11.14"]
[EventType "tourn"]
[EventRounds "5"]
[EventCountry "CAN"]

1. e4 e6 2. d4 d5 3. Nc3 Bb4 4. e5 c5 5. a3 Bxc3+ 6. bxc3 Ne7 7. Qg4 Nf5 8. Bd3
h5 9. Qf4 c4 10. Bxf5 exf5 11. Nf3 Be6 12. Qg3 Kf8 13. h4 Qe8 14. a4 Nc6 15.
Ba3+ Kg8 16. Qf4 Ne7 17. Bxe7 Qxe7 18. Rh3 g6 19. Ng5 Kg7 20. Nxe6+ fxe6 21.
Kd2 Rac8 22. Rhh1 Rc6 23. Rhb1 Rc7 24. Rb4 Rd8 25. Rab1 Kh7 26. Ke3 Rdd7 27.
Qg3 Qg7 28. Qg5 Qh6 29. Rb5 Qxg5+ 30. hxg5 Kg8 31. Ra5 a6 32. Rc5 Kf8 33. Rxc7
Rxc7 34. Rb6 Ke7 35. Kd2 Kf7 36. Kc1 Re7 37. Kb2 Ke8 38. Ka3 Kd8 39. Kb4 Kc7
40. a5 Re8 41. Kc5 Re7 42. f3 Re8 43. Rb1 f4 44. Rb6 Re7 45. Rxb7+ Kxb7 46. Kd6
Re8 47. Kd7 Rb8 48. Kxe6 Kc6 49. Kf7 Kd7 50. Kxg6 Ke6 51. Kxh5 Kf5 52. Kh6 Rg8
53. e6 Kxe6 54. g4 fxg3 55. f4 g2 56. Kh7 Rxg5 57. fxg5 g1=Q 58. g6 Kf6 59. Kh8
Qh2+ 60. Kg8 Qh6 0-1

[Event "Mercredi 2018.11.14 ABCD"]
[Site "Montreal CAN"]
[Date "2018.11.14"]
[Round "1"]
[White "Tremblay, Alain"]
[Black "Langlois-Remillard, Alexis"]
[Result "1/2-1/2"]
[WhiteElo "2084"]
[BlackElo "2157"]
[PlyCount "98"]
[EventDate "2018.11.14"]
[EventType "tourn"]
[EventRounds "5"]
[EventCountry "CAN"]

1. d4 d5 2. Nf3 Nf6 3. c4 e6 4. Nc3 c6 5. Bg5 Be7 6. e3 Nbd7 7. Bd3 O-O 8. O-O
dxc4 9. Bxc4 b5 10. Bd3 a6 11. Bxf6 Bxf6 12. Qc2 h6 13. Ne4 Bb7 14. Nd6 Qc7 15.
Nxb7 Qxb7 16. Bh7+ Kh8 17. Be4 Rac8 18. Rfd1 Qb6 19. b4 e5 20. Bf5 Rfd8 21.
dxe5 Nxe5 22. Nxe5 Bxe5 23. Bxc8 Bxa1 24. Rxa1 Rxc8 25. Qf5 Qc7 26. g3 Rd8 27.
Rc1 Rd2 28. a3 Kg8 29. h4 g6 30. Qe4 Rd6 31. Qe8+ Kg7 32. Qe5+ Kg8 33. Kg2 Qd7
34. Qf4 Kg7 35. Qe4 Re6 36. Qg4 Qd5+ 37. Qf3 Qa2 38. Rxc6 Rxc6 39. Qxc6 Qxa3
40. Qd6 Qc3 41. Qd4+ Qxd4 42. exd4 Kf6 43. Kf3 Ke6 44. Ke3 Kd5 45. Kd3 h5 46.
f3 f6 47. Kc3 Ke6 48. Kd3 Kd5 49. Kc2 Ke6 1/2-1/2

[Event "Mercredi 2018.11.14 ABCD"]
[Site "Montreal CAN"]
[Date "2018.11.14"]
[Round "1"]
[White "Zheng, Richard"]
[Black "Barko, Maxim"]
[Result "1-0"]
[WhiteElo "2028"]
[BlackElo "1937"]
[PlyCount "60"]
[EventDate "2018.11.14"]
[EventType "tourn"]
[EventRounds "5"]
[EventCountry "CAN"]

1. e4 c5 2. d3 Nc6 3. g3 g6 4. Bg2 Bg7 5. Nf3 d6 6. O-O Rb8 7. c3 e5 8. Be3
Nge7 9. d4 exd4 10. cxd4 Bg4 11. Qd2 Bxf3 12. Bxf3 Nxd4 13. Bg2 O-O 14. Nc3 b5
15. Ne2 Nec6 16. Nxd4 Bxd4 17. Bxd4 Nxd4 18. f4 Re8 19. Rf2 b4 20. Raf1 f6 21.
h4 Kg7 22. g4 Qd7 23. f5 gxf5 24. gxf5 Re7 25. Kh1 h6 26. Rf4 Kh7 27. Rg4 Rg7
28. Bh3 Rbg8 29. Rg6 Kh8 30. Rxh6+ Rh7 {...} 1-0

[Event "Mercredi 2018.11.14 ABCD"]
[Site "Montreal CAN"]
[Date "2018.11.21"]
[Round "2"]
[White "Abdelaal, Ibrahim"]
[Black "Lopez Linares, Lizandro"]
[Result "0-1"]
[WhiteElo "2066"]
[BlackElo "2269"]
[PlyCount "72"]
[EventDate "2018.11.14"]
[EventType "tourn"]
[EventRounds "5"]
[EventCountry "CAN"]

1. e4 d5 2. exd5 Qxd5 3. Nc3 Qa5 4. b4 Qxb4 5. Rb1 Qd6 6. Nf3 Nf6 7. Bc4 c6 8.
O-O Nbd7 9. Re1 e6 10. d4 Nd5 11. Bxd5 cxd5 12. Nb5 Qb8 13. c4 Nf6 14. Ne5 a6
15. Bf4 axb5 16. Ng6 hxg6 17. Bxb8 Rxb8 18. cxb5 Bd6 19. h3 O-O 20. Qd3 Ra8 21.
Re2 Bd7 22. g4 Ra4 23. f3 Rfa8 24. Rbb2 g5 25. Kg2 Nh7 26. b6 Nf8 27. Qd2 Ng6
28. Qxg5 Bf4 29. Qh5 Rxd4 30. Re1 Bc1 31. Qxg6 fxg6 32. Rxc1 Rda4 33. Rc7 Rxa2
34. Rxa2 Rxa2+ 35. Kg3 Bc6 36. Kf4 d4 0-1

[Event "Mercredi 2018.11.14 ABCD"]
[Site "Montreal CAN"]
[Date "2018.11.21"]
[Round "2"]
[White "Baran, Marius"]
[Black "Alcantara, Maximo jr"]
[Result "1-0"]
[WhiteElo "1789"]
[BlackElo "1815"]
[PlyCount "103"]
[EventDate "2018.11.14"]
[EventType "tourn"]
[EventRounds "5"]
[EventCountry "CAN"]

1. e4 c6 2. Nc3 g6 3. d4 Bg7 4. Bc4 d6 5. Nf3 Nf6 6. h3 O-O 7. Be3 Nbd7 8. a4
Qa5 9. Qd2 b5 10. Bd3 Rb8 11. O-O b4 12. Ne2 c5 13. Ng3 Nb6 14. b3 Rd8 15. Qe2
Nbd7 16. Rad1 Bb7 17. d5 Rbc8 18. Bc4 Nb6 19. Nd2 Nfd7 20. f4 Nxc4 21. Nxc4 Qc7
22. f5 Ba6 23. fxg6 hxg6 24. Qf2 Rf8 25. Ne2 Bxc4 26. bxc4 Ne5 27. Kh1 Nxc4 28.
Bg5 Ne5 29. Qh4 f6 30. Bh6 Nf7 31. Bxg7 Kxg7 32. Nf4 Ng5 33. Qe1 Rh8 34. Rd3
Qd7 35. Rg3 Rh6 36. Rxg5 fxg5 37. Ne6+ Kg8 38. Qa1 Rh7 39. Nxg5 Qe8 40. Rf4 Rh5
41. Ne6 Re5 42. Qf1 g5 43. Rg4 Qf7 44. Qe2 Rf8 45. Kg1 Rxe6 46. dxe6 Qf6 47. h4
Qa1+ 48. Kh2 Qe5+ 49. g3 Rf5 50. Qd2 Rf2+ 51. Qxf2 Qf6 52. Rxg5+ 1-0

[Event "Mercredi 2018.11.14 ABCD"]
[Site "Montreal CAN"]
[Date "2018.12.03"]
[Round "2"]
[White "Barko, Maxim"]
[Black "Nunez, Omar"]
[Result "1-0"]
[WhiteElo "1937"]
[BlackElo "1973"]
[PlyCount "33"]
[EventDate "2018.11.14"]
[EventType "tourn"]
[EventRounds "5"]
[EventCountry "CAN"]

1. d4 c5 2. e4 e6 3. Nf3 b6 4. Nc3 Bb7 5. Bf4 cxd4 6. Nb5 Na6 7. Qxd4 Nf6 8.
Nd6+ Bxd6 9. Bxd6 Nxe4 10. Bxa6 Nxd6 11. Qxg7 Rf8 12. Bxb7 Nxb7 13. Ng5 f6 14.
Nxh7 Rf7 15. Qg6 Qe7 16. Qg8+ Rf8 17. Qxf8+ 1-0

[Event "Mercredi 2018.11.14 ABCD"]
[Site "Montreal CAN"]
[Date "2018.11.21"]
[Round "2"]
[White "Beaulieu, Pierre"]
[Black "Brodie, Hugh"]
[Result "1/2-1/2"]
[WhiteElo "1893"]
[BlackElo "1859"]
[PlyCount "122"]
[EventDate "2018.11.14"]
[EventType "tourn"]
[EventRounds "5"]
[EventCountry "CAN"]

1. Nf3 Nf6 2. b3 g6 3. Bb2 Bg7 4. e3 c5 5. Be2 O-O 6. O-O Nc6 7. d3 d5 8. Nbd2
Bg4 9. Ne5 Nxe5 10. Bxe5 Bxe2 11. Qxe2 Nd7 12. Bxg7 Kxg7 13. a4 a5 14. c4 e6
15. Rac1 b6 16. f4 f5 17. Nf3 Rc8 18. Rfd1 Re8 19. d4 Nf6 20. Ne5 Qe7 21. cxd5
Nxd5 22. dxc5 Rxc5 23. Qb2 Kg8 24. Nc4 Qc7 25. Rd3 Rc8 26. Rcd1 Qg7 27. Qxg7+
Kxg7 28. Kf2 R8c7 29. R1d2 Nf6 30. Kf3 Nd5 31. g4 Kf6 32. gxf5 gxf5 33. Rg2 Rg7
34. Rdd2 Rxg2 35. Rxg2 b5 36. axb5 Rxb5 37. Nd2 Nc3 38. Rg8 Ne4 39. Nxe4+ fxe4+
40. Kxe4 Rb4+ 41. Kf3 Rxb3 42. Ra8 Ra3 43. Ra7 h6 44. Ra6 Ra2 45. Kg3 Kf5 46.
h3 a4 47. Kf3 Ra3 48. Ra5+ Kf6 49. Kg4 Rxe3 50. Rxa4 Re1 51. Ra5 Re4 52. Kf3
Re1 53. h4 Rh1 54. Kg4 Kg6 55. Re5 Kf6 56. h5 Kf7 57. Kf3 Kf6 58. Kf2 Rh4 59.
Ke3 Rh1 60. Ra5 Re1+ 61. Kf2 Rh1 1/2-1/2

[Event "Mercredi 2018.11.14 ABCD"]
[Site "Montreal CAN"]
[Date "2018.11.21"]
[Round "2"]
[White "Boudreau, Daniel"]
[Black "Zheng, Richard"]
[Result "1/2-1/2"]
[WhiteElo "2042"]
[BlackElo "2028"]
[PlyCount "44"]
[EventDate "2018.11.14"]
[EventType "tourn"]
[EventRounds "5"]
[EventCountry "CAN"]

1. e4 e5 2. Nc3 Nc6 3. Bc4 Bc5 4. d3 a6 5. f4 Bxg1 6. Rxg1 d6 7. f5 Nd4 8. Be3
b5 9. Bb3 Nxb3 10. axb3 Bb7 11. Qe2 Qd7 12. g4 Ne7 13. O-O-O c5 14. h4 b4 15.
Nb1 Nc6 16. Nd2 Nd4 17. Qf2 Qc7 18. g5 a5 19. h5 O-O-O 20. Nc4 Ba6 21. Nd2 Rhf8
22. Kb1 Qd7 1/2-1/2

[Event "Mercredi 2018.11.14 ABCD"]
[Site "Montreal CAN"]
[Date "2018.11.21"]
[Round "2"]
[White "Giurgiev, Silvius"]
[Black "Nardone, Raul"]
[Result "1-0"]
[WhiteElo "1713"]
[BlackElo "1747"]
[PlyCount "43"]
[EventDate "2018.11.14"]
[EventType "tourn"]
[EventRounds "5"]
[EventCountry "CAN"]

1. e4 c5 2. Nf3 a6 3. c3 e6 4. d4 cxd4 5. cxd4 Nf6 6. Nc3 Bb4 7. Bd3 d5 8. e5
Ne4 9. Bxe4 dxe4 10. Ng5 Nc6 11. Be3 O-O 12. Ngxe4 Qh4 13. Qf3 Qd8 14. Rd1 Bd7
15. O-O Be7 16. Qg3 Kh8 17. d5 exd5 18. Nxd5 Bh4 19. Qf4 h6 20. Nb6 Bg5 21.
Nxg5 hxg5 22. Qg3 1-0

[Event "Mercredi 2018.11.14 ABCD"]
[Site "Montreal CAN"]
[Date "2018.11.21"]
[Round "2"]
[White "Jacquet, Stephane"]
[Black "Lalonde, Paul"]
[Result "1-0"]
[WhiteElo "1924"]
[BlackElo "1965"]
[PlyCount "57"]
[EventDate "2018.11.14"]
[EventType "tourn"]
[EventRounds "5"]
[EventCountry "CAN"]

1. d4 Nf6 2. c4 e6 3. Nf3 b6 4. g3 Bb7 5. Bg2 Be7 6. O-O O-O 7. d5 exd5 8. Nh4
Ne4 9. cxd5 f5 10. Nxf5 Rxf5 11. Bxe4 Rf8 12. Qc2 Na6 13. d6 Bxe4 14. Qxe4 Bxd6
15. Qc4+ Kh8 16. Qxa6 Qf6 17. Nc3 Rae8 18. Qd3 Qe6 19. Be3 Rf5 20. Bd4 c5 21.
Bxg7+ Kxg7 22. Rad1 Rf6 23. Nb5 Qxa2 24. Nxd6 Ref8 25. Qc3 Qe6 26. e4 Qh3 27.
Nf5+ Kg8 28. Rxd7 Qg4 29. Rg7+ 1-0

[Event "Mercredi 2018.11.14 ABCD"]
[Site "Montreal CAN"]
[Date "2018.11.21"]
[Round "2"]
[White "Langlois-Remillard, Alexis"]
[Black "Pomerantz, Daniel"]
[Result "1-0"]
[WhiteElo "2157"]
[BlackElo "2120"]
[PlyCount "63"]
[EventDate "2018.11.14"]
[EventType "tourn"]
[EventRounds "5"]
[EventCountry "CAN"]

1. b3 e5 2. Bb2 Nc6 3. e3 Nf6 4. Bb5 Bd6 5. Na3 Na5 6. Be2 a6 7. c4 O-O 8. Nf3
Re8 9. O-O e4 10. Nd4 Be5 11. b4 Nc6 12. Nxc6 dxc6 13. Bxe5 Rxe5 14. f4 exf3
15. Rxf3 Bg4 16. Rf4 Bxe2 17. Qxe2 Qe7 18. Nc2 a5 19. a3 axb4 20. Nxb4 Re4 21.
Rxe4 Nxe4 22. d3 Qxb4 23. dxe4 Rxa3 24. Rd1 g6 25. h4 h5 26. Rd7 Kg7 27. Qf1
Qf8 28. e5 Ra8 29. Qf6+ Kg8 30. e6 Qg7 31. exf7+ Kh8 32. f8=R+ 1-0

[Event "Mercredi 2018.11.14 ABCD"]
[Site "Montreal CAN"]
[Date "2018.11.21"]
[Round "2"]
[White "O'Neill, Brendon"]
[Black "Kapush, Oleksandr"]
[Result "0-1"]
[WhiteElo "1774"]
[BlackElo "1753"]
[PlyCount "113"]
[EventDate "2018.11.14"]
[EventType "tourn"]
[EventRounds "5"]
[EventCountry "CAN"]

1. e4 Nf6 2. e5 Nd5 3. c4 Nb6 4. d4 d6 5. f4 dxe5 6. fxe5 Nc6 7. Be3 Bf5 8. a3
e6 9. Nf3 Be7 10. Bd3 Bg4 11. O-O Nxd4 12. Bxd4 Bxf3 13. Qxf3 Qxd4+ 14. Kh1 O-O
15. Qe2 Rad8 16. Rf3 g6 17. Nc3 Nd7 18. Re1 Nc5 19. Nb5 Qd7 20. Rd1 c6 21. Bc2
Qc8 22. Nd6 Bxd6 23. exd6 b6 24. b4 Nb7 25. Rfd3 Qd7 26. Qd2 e5 27. Qh6 f6 28.
Qe3 c5 29. Rd5 Rfe8 30. Qf2 Re6 31. h3 e4 32. Re1 Rde8 33. Qg3 a5 34. Bd1 Rxd6
35. Bg4 Qe7 36. Red1 Red8 37. bxc5 bxc5 38. h4 Kh8 39. Qc3 Kg8 40. h5 f5 41.
Be2 Qg7 42. Qb3 Rxd5 43. cxd5 Nd6 44. Qb6 Qe7 45. Qxa5 c4 46. Qc5 Rc8 47. Qb4
Qc7 48. h6 Qe7 49. Rc1 Qh4+ 50. Kg1 Qxh6 51. Rc2 Qe3+ 52. Kh1 Qc5 53. Qa4 c3
54. Qd7 Qxd5 55. a4 Qc6 56. Qe6+ Nf7 57. Bb5 0-1

[Event "Mercredi 2018.11.14 ABCD"]
[Site "Montreal CAN"]
[Date "2018.11.21"]
[Round "2"]
[White "Ostaci, Liviu"]
[Black "O'Connor, Michael"]
[Result "1/2-1/2"]
[WhiteElo "1712"]
[BlackElo "1716"]
[PlyCount "64"]
[EventDate "2018.11.14"]
[EventType "tourn"]
[EventRounds "5"]
[EventCountry "CAN"]

1. e4 c5 2. Nc3 g6 3. g3 Bg7 4. Bg2 Nc6 5. d3 d6 6. Be3 Nf6 7. Qd2 Ng4 8. h3
Nxe3 9. fxe3 Rb8 10. Nd1 O-O 11. Rb1 b5 12. Nf2 b4 13. Ne2 Qa5 14. O-O Qb6 15.
g4 a5 16. Nf4 e6 17. h4 Ne7 18. g5 e5 19. Nd5 Nxd5 20. exd5 f5 21. e4 f4 22.
Bf3 Qd8 23. Ng4 Bd7 24. Qg2 a4 25. Kf2 Rc8 26. b3 axb3 27. axb3 Ra8 28. Ra1 Qe7
29. Qh1 Rfb8 30. Ke2 Qd8 31. Rxa8 Rxa8 32. Rg1 Ra2 1/2-1/2

[Event "Mercredi 2018.11.14 ABCD"]
[Site "Montreal CAN"]
[Date "2018.11.21"]
[Round "2"]
[White "Tremblay, Alain"]
[Black "Have, Didier"]
[Result "1-0"]
[WhiteElo "2084"]
[BlackElo "2058"]
[PlyCount "79"]
[EventDate "2018.11.14"]
[EventType "tourn"]
[EventRounds "5"]
[EventCountry "CAN"]

1. d4 d6 2. e4 Nf6 3. Nc3 Nbd7 4. f4 e5 5. Nf3 exd4 6. Qxd4 c6 7. Bd2 d5 8.
exd5 Bc5 9. Qd3 O-O 10. O-O-O Qc7 11. Be2 Nb6 12. Ne5 Nbxd5 13. g4 Be6 14. Qh3
Nb4 15. Nd3 Qa5 16. Nxc5 Qxc5 17. a3 a5 18. Be3 Qe7 19. f5 Na2+ 20. Nxa2 Bxa2
21. Rhe1 Nd5 22. Bd2 Qc5 23. g5 b5 24. f6 Bc4 25. Bg4 Bb3 26. Qxb3 b4 27. a4
Qd4 28. Bf3 Nc3 29. Bxc3 Qf4+ 30. Bd2 Qf5 31. Be4 Qg4 32. Qf3 Qh4 33. Qg3 Qh5
34. Qf3 Qh4 35. Rg1 Rfe8 36. Rg4 Qh5 37. Qg3 Rad8 38. Rh4 Qe2 39. Bxh7+ Kf8 40.
Bd3 1-0